[Event "Caioba Telecom op"]
[White "Rothebarth, Ana Vitoria de Paul"]
[Black "Amorim, Thiago Iannicelli"]
[Site "Caioba"]
[Round "2"]
[Result "1/2-1/2"]
[Date "2016.08.26"]
[WhiteElo "2075"]
[BlackElo "1800"]
[PlyCount "54"]
[EventDate "2016.08.26"]
[EventType "swiss"]
[EventRounds "6"]
[EventCountry "BRA"]
[SourceTitle "CBM 174 Extra"]
[Source "ChessBase"]
[SourceDate "2016.10.10"]
[SourceVersion "1"]
[SourceVersionDate "2016.10.10"]
[SourceQuality "1"]

1. e4 c5 2. Nf3 d6 3. Bb5+ Bd7 4. Bxd7+ Nxd7 5. d4 cxd4 6. Qxd4 e5 7. Qa4 Ngf6 8. Bg5 Be7 9. Bxf6 Bxf6 10. Nc3 0-0 11. 0-0 Nb6 12. Qb5 Rc8 13. Rfd1 Rc5 14. Qd3 Nc4 15. Na4 Rc6 16. b3 b5 17. Qd5 Qc7 18. Qxb5 Na3 19. Qd3 Nxc2 20. Rac1 Rc8 21. Nb2 Nd4 22. Rxc6 Qxc6 23. Nc4 d5 24. exd5 Qxd5 25. Nfd2 Re8 26. Ne4 Be7 27. Kf1 Rd8 1/2-1/2